banner koha

Ocorrencia de Anagyrus pseudococci (Girault, 1915)(Hymenoptera: Encyrtidae), parasitando a cochonilha Antonina graminis (Maskell, 1897)(Homoptera: Pseudococcidae)em Caconde, Sao Paulo [Brasil] (Registro n. 111333)

MARC details
000 -LÍDER
campo de controle de tamanho fixo 01140nas a2200301 4500
001 - NÚMERO DE CONTROLE
campo de controle BR8300525
003 - IDENTIFICADOR DO NÚMERO DE CONTROLE
campo de controle BR-BrBNA
005 - DATA E HORÁRIO DA ÚLTIMA TRANSAÇÃO
campo de controle 20231205085423.0
007 - CAMPO FIXO DE DESCRIÇÃO FÍSICA--INFORMAÇÃO GERAL
campo de controle de tamanho fixo ta
008 - CAMPO DE DADOS FIXOS--INFORMAÇÃO GERAL
campo de controle de tamanho fixo 230509b bl.|||p| |||| 00| 00por d
040 ## - FONTE DA CATALOGAÇÃO
Instituição da catalogação original BR-BrBNA
Idioma da catalogação por
Instituição que transcreveu o registro Biblioteca Nacional de Agricultura
041 ## - CÓDIGO DE IDIOMA
Código do idioma do texto/trilha sonora ou título diferente (Pt)
072 ## - CÓDIGO DE CATEGORIA DE ASSUNTO
Código de Categoria de Assunto H10
100 1# - ENTRADA PRINCIPAL--NOME PESSOAL
Nome pessoal Gabriel, D.
100 1# - ENTRADA PRINCIPAL--NOME PESSOAL
Nome pessoal Vecchio, M.C. del
100 1# - ENTRADA PRINCIPAL--NOME PESSOAL
Nome pessoal Muniz, J.P.
100 1# - ENTRADA PRINCIPAL--NOME PESSOAL
Nome pessoal Ramiro, Z.A.
245 1# - TÍTULO
Título Ocorrencia de Anagyrus pseudococci (Girault, 1915)(Hymenoptera: Encyrtidae), parasitando a cochonilha Antonina graminis (Maskell, 1897)(Homoptera: Pseudococcidae)em Caconde, Sao Paulo [Brasil]
246 1# - FORMA VARIANTE DO TÍTULO
Título/título abreviado [Occurrence of Anagyrus pseudococci (Girault, 1915)(Hymenoptera: Encyrtidae)in rhodesgrass scale Antonina graminis (Maskell, 1897)(Homoptera: Pseudococcidae)in Caconde, Sao Paulo [Brazil]]
650 ## - ASSUNTO--TERMO TÓPICO
Cabeçalho tópico ou nome geográfico COCHONILHA
650 ## - ASSUNTO--TERMO TÓPICO
Cabeçalho tópico ou nome geográfico INSETO
650 ## - ASSUNTO--TERMO TÓPICO
Cabeçalho tópico ou nome geográfico CONTROLE BIOLOGICO
650 ## - ASSUNTO--TERMO TÓPICO
Cabeçalho tópico ou nome geográfico CACONDE
650 ## - ASSUNTO--TERMO TÓPICO
Cabeçalho tópico ou nome geográfico SAO PAULO
773 0# - ENTRADA ANALÍTICA
Título Biologico (Brazil)
ISSN - International Standard Serial Number ISSN 0366-0567
Partes relacionadas (Jun 1982), v. 48(6) p. 157-159
Número de controle do registro BR8300525
909 ## -
-- 202311
-- Lúcia
-- 55
-- Lúcia Elande
942 ## - ELEMENTOS DE ENTRADA ADICIONADOS (KOHA)
Fonte da classificação ou esquema de arquivamento na estante Classificação AGRIS
Ocultar no OPAC Não
Tipo de material Koha Analítica
Exemplares
Situação do descarte Fonte da classificação ou esquema de arquivamento na estante Situação física Não pode ser emprestado Biblioteca de origem Biblioteca atual Localização na estante Enumeração do periódico / cronologia Total de empréstimos Data de último acesso Número do exemplar Tipo de material Koha Fonte de aquisição
  Classificação AGRIS   Consulta local Biblioteca Nacional de Agricultura - Binagri Biblioteca Nacional de Agricultura - Binagri   (Jun 1982), v. 48(6) p. 157-159   29/11/2023 01 Periódicos Portaria Interministerial nº 164/94

BINAGRI

Telefone: (61)3218-2567/2388/3357/2097 - binagri@agro.gov.br

Ministério da Agricultura e Pecuária , Esplanada dos Ministérios, Bloco D, Anexo B, Brasília/DF, CEP: 70.043-900